| 000 | 01788cam a22005054a 4500 | ||
|---|---|---|---|
| 001 | 16527670 | ||
| 003 | OSt | ||
| 005 | 20170105101207.0 | ||
| 008 | 101029s2011 enka b 001 0 eng | ||
| 010 | _a 2010046396 | ||
| 016 | 7 |
_a101546184 _2DNLM |
|
| 016 | 7 |
_a015738824 _2Uk |
|
| 020 | _a9780470694671 (cloth) | ||
| 020 | _a047069467X (cloth) | ||
| 020 | _a9780470976722 (ePDF) | ||
| 020 | _a0470976721 (ePDF) | ||
| 020 | _a9780470976739 (Wiley Online Library) | ||
| 020 | _a047097673X (Wiley Online Library) | ||
| 020 | _a9780470977408 (ePub) | ||
| 020 | _a047097740X (ePub) | ||
| 035 | _a(OCoLC)ocn678397561 | ||
| 040 |
_aDNLM/DLC _cDLC _dYDX _dNLM _dYDXCP _dCDX _dUKMGB _dDLC |
||
| 042 | _apcc | ||
| 050 | 0 | 0 |
_aRC455.2.E64 _bT49 2011 |
| 060 | 0 | 0 | _a2011 F-716 |
| 060 | 1 | 0 | _aWM 140 |
| 082 | 0 | 0 |
_a362.2/0422 _222 |
| 245 | 0 | 0 |
_aTextbook of psychiatric epidemiology / _cedited by Ming Tsuang, Mauricio Tohen, Peter B. Jones. |
| 250 | _a3rd ed. | ||
| 260 |
_aChichester, West Sussex ; _aHoboken, NJ : _bWiley-Blackwell, _c2011. |
||
| 300 |
_axiv, 646 p. : _bill. ; _c26 cm. |
||
| 500 | _aRev. ed. of: Textbook in psychiatric epidemiology / edited by Ming T. Tsuang, Mauricio Tohen. 2nd ed. c2002. | ||
| 504 | _aIncludes bibliographical references and index. | ||
| 650 | 0 | _aPsychiatric epidemiology. | |
| 650 | 1 | 2 | _aEpidemiologic Methods. |
| 650 | 1 | 2 |
_aMental Disorders _xepidemiology. |
| 650 | 2 | 2 |
_aMental Disorders _xdiagnosis. |
| 700 | 1 |
_aTsuang, Ming T., _d1931- |
|
| 700 | 1 | _aTohen, Mauricio. | |
| 700 | 1 |
_aJones, Peter B. _q(Peter Brian), _d1960- |
|
| 730 | 0 | _aTextbook in psychiatric epidemiology. | |
| 906 |
_a7 _bcbc _corignew _d1 _eecip _f20 _gy-gencatlg |
||
| 942 |
_2ddc _cBK |
||
| 999 |
_c3037 _d3037 |
||